[Event "GRE-chT U16"]
[Site "Thessaloniki"]
[Date "2021.12.18"]
[Round "5.3"]
[White "Grammenos, Nikolaos"]
[Black "Karakotsios, Konstantinos"]
[Result "0-1"]
[WhiteElo "1031"]
[BlackElo "1260"]
[PlyCount "134"]
[EventDate "2021.12.16"]
[EventType "team-swiss"]
[EventRounds "6"]
[EventCountry "GRE"]
[SourceTitle "CBM 205 Extra"]
[Source "ChessBase"]
[SourceDate "2022.01.31"]
[SourceVersion "1"]
[SourceVersionDate "2022.01.31"]
[SourceQuality "1"]
[WhiteTeam "Katerinis"]
[BlackTeam "Galaxias"]
[WhiteTeamCountry "GRE"]
[BlackTeamCountry "GRE"]

1. d4 e6 2. Bf4 b6 3. e3 Bb7 4. Nf3 f5 5. c3 Nf6 6. Nbd2 d6 7. Bc4 Qe7 8. 0-0 h6 9. Qb3 d5 10. Bd3 Nh5 11. Bg3 Nxg3 12. fxg3 Nd7 13. Nh4 Qg5 14. Rae1 Bd6 15. Nhf3 Qe7 16. c4 c5 17. cxd5 Bxd5 18. Bc4 Nf6 19. Qa4+ Kf7 20. Ne5+ Bxe5 21. dxe5 Nd7 22. Bxd5 exd5 23. Rxf5+ Kg8 24. e4 g6 25. Rf2 dxe4 26. Rxe4 Rf8 27. Qxa7 Rxf2 28. Kxf2 Qf8+ 29. Kg1 Rh7 30. Rf4 Qd8 31. Qa3 Nxe5 32. Qb3+ Rf7 33. Rxf7 Nxf7 34. Nc4 Qd4+ 35. Kf1 Qf6+ 36. Ke1 Qe6+ 37. Kd2 Qd5+ 38. Qd3 Qxg2+ 39. Qe2 Qd5+ 40. Qd3 Qe6 41. Kc2 Kh7 42. a3 b5 43. Nd2 c4 44. Qc3 Qf5+ 45. Kc1 Ne5 46. b3 h5 47. bxc4 bxc4 48. Nxc4 Qf1+ 49. Kc2 Qxc4 50. Qxc4 Nxc4 51. Kb3 Nb6 52. Kb4 Kh6 53. Kb5 Nd5 54. Ka6 Kg5 55. a4 Kg4 56. a5 Kh3 57. Kb5 Kxh2 58. Kc5 Nc7 59. Kb6 Na8+ 60. Kb7 Kxg3 61. Kxa8 h4 62. a6 h3 63. a7 h2 64. Kb8 h1Q 65. a8Q Qxa8+ 66. Kxa8 Kf4 67. Kb8 g5 0-1

[Event "GRE-chT U16"]
[Site "Thessaloniki"]
[Date "2021.12.16"]
[Round "1.3"]
[White "Gerasopoulos, Nikolaos"]
[Black "Grammenos, Nikolaos"]
[Result "1-0"]
[WhiteElo "1324"]
[BlackElo "1031"]
[PlyCount "113"]
[EventDate "2021.12.16"]
[EventType "team-swiss"]
[EventRounds "6"]
[EventCountry "GRE"]
[SourceTitle "CBM 205 Extra"]
[Source "ChessBase"]
[SourceDate "2022.01.31"]
[SourceVersion "1"]
[SourceVersionDate "2022.01.31"]
[SourceQuality "1"]
[WhiteTeam "Thessaloniki ES"]
[BlackTeam "Katerinis"]
[WhiteTeamCountry "GRE"]
[BlackTeamCountry "GRE"]

1. e4 e5 2. Nf3 Nc6 3. d4 exd4 4. c3 dxc3 5. Bc4 h6 6. Nxc3 Bc5 7. Bxf7+ Kxf7 8. Qd5+ Ke8 9. Qxc5 Qe7 10. Qc4 d6 11. 0-0 Nf6 12. Nd5 Qf7 13. Nd4 Nxd5 14. exd5 Nxd4 15. Re1+ Kf8 16. Qxd4 b6 17. Re3 Kg8 18. Bd2 Bb7 19. Bc3 Kh7 20. Rae1 Rae8 21. Rxe8 Rxe8 22. Rxe8 Bxd5 23. Qe3 Qg6 24. Qg3 Qxg3 25. hxg3 Bxa2 26. Re7 Kg6 27. Rxg7+ Kf5 28. Rxc7 a5 29. Rb7 d5 30. Rxb6 a4 31. Rxh6 Ke4 32. f3+ Kd3 33. g4 Kc4 34. g5 d4 35. Rh4 Kb3 36. Bxd4 Bb1 37. f4 Kc4 38. f5 Bxf5 39. Bc3+ Kb3 40. Rb4+ Kc2 41. Rxa4 Kb3 42. Ra5 Bg6 43. Ra6 Bf5 44. g6 Kc2 45. g7 Bh7 46. Rh6 Bg8 47. Rh8 Ba2 48. g8Q Bxg8 49. Rxg8 Kb3 50. g4 Kc4 51. g5 Kd5 52. g6 Ke6 53. g7 Kf7 54. Rf8+ Ke7 55. g8Q Kd7 56. Qd5+ Kc7 57. Ba5# 1-0